| 000 | 00622nam a2200217Ii 4500 | ||
|---|---|---|---|
| 003 | JO-AjNU | ||
| 008 | 230606s9999||||xx |||||||||||||| ||und|| | ||
| 020 | _a1-86197-281-4/978-1-86197-281-1 | ||
| 040 |
_aJO-AjNU _beng _erda _cJO-AjNU |
||
| 041 | _aeng | ||
| 050 | 1 | 4 | _aHF5387.2008 |
| 100 | 3 |
_aMoon,Chris/Clive Bonny, _eauthor _91241 |
|
| 245 | 0 | 0 | _aBusiness Ethics: Facing up to the issues |
| 250 | _a1 ed | ||
| 264 | 3 | 1 | _aLondon:profile books,2008 |
| 300 | _a206p | ||
| 336 |
_atext _btxt _2rdacontent |
||
| 337 |
_aunmediated _bn _2rdamedia |
||
| 338 |
_avolume _bnc _2rdacarrier |
||
| 650 | 4 |
_aBusiness -Ethics _91242 |
|
| 999 |
_aE654 _c654 _d654 |
||